[Event "Open A"]
[Site "Benidorm ESP"]
[Date "2006.12.02"]
[Round "2"]
[White "Estrada Martinez,C"]
[Black "Sanz Arilla,L"]
[Result "1-0"]
[WhiteElo "2167"]
[BlackElo "2290"]

1.Nf3 d5 2.c4 e6 3.d4 Nf6 4.Bg5 Be7 5.e3 O-O 6.Nc3 Nbd7 7.Qc2 a6 8.Rd1 h6
9.Bh4 Re8 10.Bd3 dxc4 11.Bxc4 b5 12.Be2 Bb7 13.a3 Rc8 14.O-O c5 15.dxc5 Rxc5
16.Qb1 Qa8 17.Rd2 Nb6 18.Rc1 Nc4 19.Rdc2 g5 20.Bg3 h5 21.Na4 Rf5 22.Nd4 Bxg2
23.Nxf5 exf5 24.Rxc4 bxc4 25.Qxf5 Ng4 26.Bxc4 Bf6 27.Qg6+ Kh8 28.Qxh5+  1-0

[Event "FSIM December"]
[Site "Budapest HUN"]
[Date "2006.12.04"]
[Round "3"]
[White "Brustkern,J"]
[Black "Gerard,N"]
[Result "1/2-1/2"]
[WhiteElo "2224"]
[BlackElo "2333"]

1.Nf3 d5 2.c4 dxc4 3.Na3 a6 4.Nxc4 b5 5.Ne3 Bb7 6.b3 e6 7.Bb2 Nf6 8.Qc2 Nbd7
9.g3 Be4 10.d3 Bb4+ 11.Bc3 Bxf3 12.exf3 Qe7 13.Be2 O-O 14.O-O Bxc3 15.Qxc3 c5
16.d4 Nd5  1/2-1/2

[Event "Polyarniy Krug"]
[Site "Salekhard RUS"]
[Date "2006.12.04"]
[Round "6"]
[White "Kopylov,Al"]
[Black "Kochetkova,J"]
[Result "1-0"]
[WhiteElo "2237"]
[BlackElo "2342"]

1.Nf3 d5 2.c4 e6 3.g3 Nf6 4.Bg2 dxc4 5.Qa4+ Nbd7 6.Qxc4 c5 7.O-O Be7 8.d4 O-O
9.Rd1 a6 10.Qc2 cxd4 11.Nxd4 Qb6 12.Nc3 Re8 13.h3 Qc7 14.Be3 Bf8 15.Rac1 e5
16.Nb3 Nb8 17.g4 h6 18.Ne4 Qxc2 19.Nxf6+ gxf6 20.Rxc2 Nc6 21.Nc5 Bxc5 22.Bxc5 Be6
23.b4 Rad8 24.Rcd2 Rxd2 25.Rxd2 f5 26.gxf5 Bxf5 27.Rd6 Re6 28.a4 Rxd6 29.Bxd6 e4
30.e3 Kg7 31.h4 Kf6 32.f3 exf3 33.Bxf3 Bd7 34.Bf8 Kg6 35.Kf2 b6 36.Bd6 Kf6
37.Be2 Ne5 38.a5 bxa5 39.bxa5 Bc8 40.Kg3 Bb7 41.h5 Kf5 42.Bc7 f6 43.Bb6 Kg5
44.e4 f5 45.Bd8+  1-0

[Event "Open A"]
[Site "Benidorm ESP"]
[Date "2006.12.05"]
[Round "5"]
[White "Madina,M"]
[Black "Rodriguez Fontecha,M"]
[Result "1/2-1/2"]
[WhiteElo "2262"]
[BlackElo "2200"]

1.Nf3 d5 2.c4 c6 3.e3 Nf6 4.b3 Bf5 5.Bb2 e6 6.Be2 h6 7.O-O Nbd7 8.Nc3 Bd6
9.cxd5 exd5 10.a3 O-O 11.Nd4 Bh7 12.d3 Qe7 13.b4 Rfe8 14.Qd2 Rad8 15.Na4 Nf8
16.Rfc1 Ne6 17.Nxe6 fxe6 18.Bd4 Bb8 19.Bb2 e5 20.Nc5 h5 21.Qe1 e4 22.dxe4 Bxe4
23.Bxf6 Qxf6 24.Nxb7 Rd7 25.Nc5 Rf7 26.Nxe4 Rxe4 27.Bd3 Rg4 28.Ra2 h4 29.h3 Rg5
30.Qc3 Qf3 31.Bf1  1/2-1/2

[Event "ch-ROM"]
[Site "Predeal ROM"]
[Date "2006.12.06"]
[Round "10"]
[White "Manea,A"]
[Black "Bonte,An"]
[Result "1-0"]
[WhiteElo "2376"]
[BlackElo "2223"]

1.Nf3 d5 2.c4 dxc4 3.Qa4+ Nd7 4.Qxc4 Ngf6 5.g3 e6 6.Bg2 Be7 7.O-O O-O 8.d4 c5
9.dxc5 Bxc5 10.b4 Be7 11.Nc3 Nb6 12.Qb3 Nbd5 13.Nxd5 Nxd5 14.Bd2 Bd7 15.a4 Bf6
16.Rac1 Rc8 17.e4 Nc7 18.Be3 b6 19.Bf4 Na6 20.Rxc8 Bxc8 21.Rd1 Qe8 22.Bd6 Be7
23.e5 Bb7 24.Ne1 Bxg2 25.Nxg2 Bxd6 26.exd6 Qd7 27.Ne3 Rc8 28.Nc4 f6 29.Na3 Nb8
30.Nb5 Rc6 31.Qd3 Rc8 32.Qe2 Nc6 33.Nc7 Kf7 34.Qh5+ Kg8 35.Qg4 f5 36.Qc4 Rxc7
37.b5  1-0

[Event "ch-RUS w"]
[Site "Gorodets RUS"]
[Date "2006.12.11"]
[Round "10"]
[White "Kovalevskaya,E"]
[Black "Tairova,E"]
[Result "1/2-1/2"]
[WhiteElo "2434"]
[BlackElo "2415"]

1.Nf3 d5 2.c4 c6 3.e3 Nf6 4.Nc3 e6 5.b3 Bd6 6.Qc2 Nbd7 7.d4 O-O 8.Bd3 Re8
9.O-O dxc4 10.bxc4 e5 11.Ng5 h6 12.Nge4 Nxe4 13.Nxe4 Bc7 14.d5 c5 15.Ng3 Nf8
16.Rb1 Rb8 17.Rd1 Bd6 18.f3 Bd7 19.Bf5 a6 20.e4 b5 21.Be3 b4 22.Qf2 Rc8 23.Rf1 Bxf5
24.Nxf5 Ng6 25.h4 Kh7 26.g3 a5 27.Kh2 a4 28.Rg1 Ne7 29.g4 Nxf5 30.gxf5 Be7
31.Qg3 Bf6 32.Rb2 Rh8 33.Kh3 Rg8 34.h5 Qe7 35.Qe1 Bg5 36.Bxg5 hxg5 37.Kg4 Rh8
38.Rh1 Kg8 39.Qd1 a3 40.Rbh2 Rh6 41.Qd2 Rb8 42.Rd1 Rbb6 43.Qxg5 Qd7 44.Kg3 Kh7
45.Qe3 Qc7 46.Rg1 Rb8 47.Rh4 Qe7 48.Kh3 Rg8 49.f4 exf4 50.Qxf4 Re8 51.Qg3 Qf6
52.d6 Qc3 53.Qxc3 bxc3 54.d7 Rd8 55.Rc1 Rxd7 56.Rxc3 Ra6 57.Kg3 Kh6 58.Rh2 Rd4
59.Kf4 Ra4 60.Rhc2 f6 61.Rg3 Rdxc4 62.Rxc4 Rxc4 63.Rxa3 Rc1 64.Rg3 c4 65.Rg6+ Kxh5
66.Rxg7 Rf1+ 67.Ke3 c3 68.Kd3 Rf3+ 69.Kc2 Re3 70.Re7 Re2+ 71.Kxc3 Rxa2 72.Rg7 Ra4
73.Kd3 Ra6 74.Rg6 Rd6+ 75.Kc4 Rc6+ 76.Kb4 Rb6+ 77.Kc5 Ra6 78.Kd5 Rb6 79.Kd4 Rd6+
80.Ke3 Ra6 81.Kf3 Ra3+ 82.Kf4 Ra6 83.Rg7 Kh6 84.Rf7 Rb6 85.Ke3 Rd6 86.Re7 Rd1
87.Kf4 Rf1+ 88.Kg3 Rg1+ 89.Kf2 Rd1 90.Ke2 Rd8 91.Rf7 Rd6 92.Ke3 Ra6 93.Re7 Ra4
94.Rf7 Ra6 95.Kd4 Kg5 96.Kd5 Ra5+ 97.Kd6 Ra6+ 98.Ke7 Ra7+ 99.Kf8 Ra4 100.Re7 Ra8+
101.Kf7 Ra6 102.Kg7 Rb6 103.Rd7 Ra6 104.Kf7 Ra4 105.Re7 Ra6 106.Re6 Ra7+
107.Re7 Ra6 108.Ke8 Ra8+ 109.Kd7 Ra7+ 110.Kd6 Ra6+ 111.Kc5 Ra5+ 112.Kb4 Ra1
113.Re6 Rc1 114.Re8 Rc2 115.Kb5 Rc1 116.Kb6 Rc2 117.Re6 Rc1 118.Rc6 Re1 119.Re6 Rc1
120.Kb5 Rc2 121.Kb4 Rc1 122.Kb3 Rc8 123.Re7 Rc1 124.Re6  1/2-1/2

[Event "13th Open A"]
[Site "Zadar CRO"]
[Date "2006.12.13"]
[Round "4"]
[White "Mandekic,I"]
[Black "Feletar,D"]
[Result "0-1"]
[WhiteElo "2254"]
[BlackElo "2407"]

1.Nf3 d5 2.c4 e6 3.d4 Nf6 4.Qc2 dxc4 5.Qxc4 Nbd7 6.Bf4 c5 7.Nc3 a6 8.dxc5 Bxc5
9.O-O-O b5 10.Qd3 Bb7 11.Ng5 Qa5 12.Qh3 b4 13.Nxe6 bxc3 14.Nxg7+ Kd8 15.e4 cxb2+
16.Kb1 Bxe4+ 17.Bd3 Bd5 18.Kc2 Rc8  0-1

[Event "GM Multicoms"]
[Site "Paris FRA"]
[Date "2006.12.16"]
[Round "4"]
[White "Shchekachev,A"]
[Black "Guliyev,N"]
[Result "1/2-1/2"]
[WhiteElo "2561"]
[BlackElo "2542"]

1.Nf3 d5 2.c4 c6 3.d4 Nf6 4.Qb3 e6 5.Bg5 h6 6.Bh4 Be7 7.e3 O-O 8.Nc3 Nbd7
9.Be2 b6 10.cxd5 Nxd5 11.Bxe7 Qxe7 12.Nxd5 cxd5 13.Rc1 Nf6 14.O-O Bb7 15.Qa4 a6
16.Ne5 Rfc8 17.a3 Rc7 18.Qb4  1/2-1/2

[Event "6th Amplico AIG Life"]
[Site "Warsaw POL"]
[Date "2006.12.17"]
[Round "10"]
[White "Kveinys,A"]
[Black "Warakomski,T"]
[Result "1/2-1/2"]
[WhiteElo "2540"]
[BlackElo "2446"]

1.Nf3 d5 2.c4 dxc4 3.Na3 a6 4.Nxc4 b5 5.Ne3 Bb7 6.g3 Nd7 7.Bg2 Ngf6 8.O-O e6
9.b3 Be7 10.Bb2 O-O 11.d4 c5 12.Rc1 Rc8 13.Qd2 Qb6 14.dxc5 Nxc5 15.Bd4 Nfe4
16.Qb2 Bf6 17.Bxf6  1/2-1/2

[Event "IM Multicoms"]
[Site "Paris FRA"]
[Date "2006.12.18"]
[Round "6"]
[White "Goldsztejn,G"]
[Black "Dutreeuw,M"]
[Result "0-1"]
[WhiteElo "2303"]
[BlackElo "2384"]

1.Nf3 d5 2.c4 d4 3.b4 f6 4.d3 e5 5.a3 c5 6.bxc5 Bxc5 7.g3 Nc6 8.Bg2 Nge7
9.O-O O-O 10.Nbd2 Bg4 11.Ne4 Bb6 12.c5 Bc7 13.Qb3+ Kh8 14.Qxb7 Rb8 15.Qa6 Na5
16.Nd6 Nb3 17.Nb7 Qc8 18.Nd2 Nxa1 19.Bb2 Bxe2 20.Re1 Bxd3 21.Qxd3 Rxb7 22.Bxb7 Qxb7
23.Bxa1 Nd5 24.Rb1 Qc6 25.Qb5 Qxb5 26.Rxb5 Rb8 27.Rxb8+ Bxb8 28.Kf1 Kg8 29.Ke2 Kf7
30.Kd3 Ke6 31.Kc4 a6 32.Bb2 Ne7 33.f3 Bc7 34.Bc1 Nc6 35.Nb3 Na5+ 36.Nxa5 Bxa5
37.g4 Kd7 38.h4 Kc6 39.g5 Bd8 40.gxf6 Bxf6 41.h5 Be7 42.f4 exf4 43.Bxf4 Bxc5
44.a4 Bd6 45.Bg5 Be5 46.Bd2 Bf6 47.a5 g6 48.hxg6 hxg6 49.Bf4 g5 50.Bh2 g4
51.Bg3 Kd7 52.Kd3 Ke6 53.Ke4 Bg7 54.Bf4 Bh8 55.Bh2 Kd7 56.Kd3 Ke6 57.Ke4 Bg7
58.Bf4 Bf6 59.Bg3 Bd8 60.Be1 Bc7 61.Kxd4 g3 62.Ke3 g2 63.Kf2 Bg3+  0-1

[Event "XIX Carlos Torre Mem"]
[Site "Merida MEX"]
[Date "2006.12.20"]
[Round "8"]
[White "Szmetan,R"]
[Black "Mitkov,N1"]
[Result "0-1"]
[WhiteElo "2302"]
[BlackElo "2565"]

1.Nf3 d5 2.c4 e6 3.e3 Nf6 4.b3 a5 5.a3 Nbd7 6.Bb2 c6 7.Qc2 Bd6 8.Be2 O-O
9.d3 e5 10.Nbd2 Re8 11.cxd5 cxd5 12.e4 Nf8 13.exd5 Nxd5 14.Nc4 Nf4 15.g3 Nxe2
16.Qxe2 Bh3 17.Ng5 Bg2 18.Rg1 Bd5 19.Ne4 Bc7 20.a4 Ne6 21.O-O-O Rb8 22.f4 f5
23.Qh5 b5 24.axb5 Rxb5 25.Qxf5 Nd4 26.Bxd4 exd4 27.Ng5 g6 28.Qh3 Re7 29.Rge1 Rxb3
30.f5 Bxc4 31.fxg6 Rc3+ 32.Kd2 Rxd3+ 33.Kc2 Rc3+ 34.Kd2 Bf4+  0-1

[Event "44th National A ch-IND"]
[Site "Atul IND"]
[Date "2006.12.23"]
[Round "7"]
[White "Roktim,B"]
[Black "Abhishek,D"]
[Result "1/2-1/2"]
[WhiteElo "2332"]
[BlackElo "2307"]

1.Nf3 d5 2.c4 e6 3.g3 Nf6 4.Bg2 Be7 5.O-O O-O 6.d4 c6 7.Qc2 Nbd7 8.Nbd2 b6
9.e4 dxc4 10.Nxc4 Bb7 11.Nfe5 c5 12.Nxd7 Qxd7 13.dxc5 Bxc5 14.Bg5 Qe7 15.Rfd1 e5
16.Ne3 Bxe3 17.Bxe3 Rac8 18.Qb1  1/2-1/2

[Event "15th Donau Open"]
[Site "Aschach an der Donau AUT"]
[Date "2006.12.28"]
[Round "4"]
[White "Jurek,J"]
[Black "Balinov,I"]
[Result "0-1"]
[WhiteElo "2384"]
[BlackElo "2455"]

1.Nf3 d5 2.c4 c6 3.cxd5 cxd5 4.d4 Nc6 5.Nc3 a6 6.Bf4 Nf6 7.Rc1 e6 8.e3 Qb6
9.Nd2 Bd7 10.Be2 Qxb2 11.Na4 Qb4 12.Rb1 Qa5 13.Nb6 Ra7 14.O-O Bb4 15.Bc7 Bxd2
16.Nxd7 Qxc7 17.Nxf6+ gxf6 18.Qxd2 O-O 19.Rb3 Qa5 20.Qb2 b5 21.Rc1 Ne7 22.Rbc3 Ng6
23.Rc5 Qd8 24.Qa3 Qe7 25.Qa5 Rb8 26.a4 bxa4 27.Qxa4 Rb6 28.g3 Kg7 29.Ra5 f5
30.Bxa6 Qb4 31.Qxb4 Rxb4 32.Rca1 h5 33.h4 f4 34.Be2 Rxa5 35.Rxa5 Rb1+ 36.Kg2 Rb2
37.Kf1 Rb1+ 38.Kg2 Rb2 39.Kf1 fxe3 40.fxe3 Ne7 41.Rb5 Ra2 42.Bd3 Kf6 43.Rb7 Ng8
44.Rc7 Nh6 45.Rc2 Ra3 46.Rf2+ Kg7 47.Rd2 Ng4 48.Ke2 f6 49.Kf3 e5 50.dxe5 fxe5
51.e4 d4 52.Ke2 Kf6 53.Rb2 Ke7 54.Rb7+ Kd6 55.Rb6+ Kc5 56.Rb5+ Kc6 57.Rb2 Kc7
58.Rc2+ Kb6 59.Rb2+ Ka5 60.Rb5+ Ka4 61.Rb2 Rc3 62.Rb6 Rc7 63.Rb1 Rf7 64.Ra1+ Kb4
65.Rb1+ Kc3 66.Rc1+ Kb4 67.Rb1+ Kc5 68.Rc1+ Kd6 69.Rf1 Ra7 70.Rc1 Ra3 71.Rc2 Nf2
72.Kxf2 Rxd3 73.Re2 Rc3 74.Re1 Kc5 75.Rg1 Re3 76.g4 Rxe4 77.g5 Rxh4 78.g6 Rf4+
79.Ke2 Rf8 80.g7 Rg8 81.Kf3 Kd5 82.Rg5 h4 83.Kg4 d3 84.Kxh4 d2 85.Rg1 Kd4
86.Rg6 Ke3  0-1

[Event "44th National A ch-IND"]
[Site "Atul IND"]
[Date "2006.12.28"]
[Round "12"]
[White "Kunte,A"]
[Black "Palit,S"]
[Result "1-0"]
[WhiteElo "2524"]
[BlackElo "2306"]

1.Nf3 d5 2.c4 c6 3.d4 Nf6 4.e3 g6 5.Nc3 Bg7 6.Bd3 O-O 7.O-O Nbd7 8.cxd5 Nxd5
9.e4 Nxc3 10.bxc3 c5 11.h3 b6 12.Bg5 h6 13.Be3 cxd4 14.cxd4 Bb7 15.Qd2 Kh7
16.Rac1 e6 17.Qe2 Rc8 18.Nd2 Qe7 19.Ba6 Qa3 20.Bc4 b5 21.Qd3 Qxd3 22.Bxd3 a6
23.Nb3 Rxc1 24.Rxc1 Rc8 25.Rxc8 Bxc8 26.f3 Kg8 27.Kf2 Kf8 28.Ke2 Ke7 29.Kd2 Kd6
30.Kc3 h5 31.Kb4 Kc6 32.a4 Bf8+ 33.Ka5 bxa4 34.Kxa4 Be7 35.Na5+ Kc7 36.Nc4 Nb6+
37.Ka5 Nxc4+ 38.Bxc4 Bd8 39.Ka4 Kb7 40.d5 Bd7+ 41.Kb3 Be7 42.e5 Bd8 43.g4 exd5
44.Bxd5+ Bc6 45.Kc4 Kc7 46.Bxf7 Bxf3 47.g5 Be4 48.h4 Bb1 49.e6 Be7 50.Bc5 Kd8
51.Bb6+ Kc8 52.Kd4 Bc2 53.Be8 Bf8 54.Bd7+ Kb7 55.Bd8 Bf5 56.Ke5 Bb4 57.Be8 Kc8
58.e7 Bd7 59.Bxg6 Bb5 60.Kf6 a5 61.Bb6 Bc3+ 62.Ke6 Bc4+ 63.Kd6 Bb5 64.e8=Q+ Bxe8
65.Bxe8  1-0

[Event "1st Hotel Bern Open"]
[Site "Bern SUI"]
[Date "2006.12.29"]
[Round "6"]
[White "Peredy,F"]
[Black "Varga,Zo"]
[Result "0-1"]
[WhiteElo "2311"]
[BlackElo "2508"]

1.Nf3 d5 2.c4 d4 3.e3 c5 4.exd4 cxd4 5.d3 Nc6 6.g3 g6 7.Bg2 Bg7 8.a3 a5 9.O-O e5
10.Nbd2 Nge7 11.Rb1 a4 12.b4 axb3 13.Nxb3 O-O 14.Ne1 Rb8 15.Nc2 b5 16.c5 Be6
17.Nb4 Qd7 18.Bd2 Rfc8 19.Qc2 Ra8 20.Ra1 Ra4 21.Rfc1 h5 22.h4 Rc7 23.Qb2 Rca7
24.Bf3 f5 25.Bd1 Kh7 26.Rcb1 Rb7 27.Qc1 f4 28.Bf3 Rb8 29.Qd1 Rf8 30.Be1 fxg3
31.fxg3 Bh6 32.Nd2 Nd8 33.Kh2 Nf5 34.Rb2 Ne3 35.Qe2 Bg4 36.Raa2 Rxf3 37.Nxf3 Qf5  0-1

[Event "Masters"]
[Site "Singapore SIN"]
[Date "2006.12.29"]
[Round "8"]
[White "Paciencia,E"]
[Black "Le Kieu Thien,Kim"]
[Result "1/2-1/2"]
[WhiteElo "2432"]
[BlackElo "2322"]

1.Nf3 d5 2.c4 c6 3.d4 Nf6 4.Nc3 dxc4 5.a4 Bf5 6.e3 e6 7.Bxc4 Bb4 8.O-O O-O
9.Qe2 Bg6 10.Ne5 Nbd7 11.Nxg6 hxg6 12.e4 Nb6 13.Rd1 Bxc3 14.bxc3 Nxc4 15.Qxc4 Nxe4
16.Qd3 Nf6 17.Rb1 Qe7 18.Rb3 Rfd8 19.Qb1 b6 20.Re1 Rd5 21.Be3 Ra5 22.Qa2 Ng4
23.Bf4 Qh4 24.Ra3 Nxh2 25.Bg3 Qh6 26.f3 Rh5 27.Qe2 Rd8 28.Qe3 g5 29.c4 c5
30.d5 exd5 31.cxd5 Ng4 32.fxg4 Rh1+ 33.Kf2 Qf6+ 34.Ke2 Qb2+ 35.Kf3 Qf6+ 36.Ke2 Qb2+
37.Kf3  1/2-1/2

[Event "Weihnachtsopen Masters"]
[Site "Zurich SUI"]
[Date "2006.12.29"]
[Round "5"]
[White "Schnelli,R"]
[Black "Rodic,Do"]
[Result "0-1"]
[WhiteElo "2013"]
[BlackElo "2138"]

1.Nf3 d5 2.c4 Nf6 3.g3 Nbd7 4.d4 e6 5.b3 Bb4+ 6.Bd2 Be7 7.Bg2 Ne4 8.O-O O-O
9.Bc1 b6 10.cxd5 exd5 11.Ne5 Bb7 12.f3 Ng5 13.h4 Ne6 14.Bh3 Nxe5 15.dxe5 Bc5+
16.e3 d4 17.Kf2 Qd5 18.Na3 dxe3+ 19.Kg2 Qxe5 20.Bxe3 Qxe3 21.Nc4 Qd4 22.Qc2 Qf6
23.Bf5 Nd4 24.Bxh7+ Kh8 25.Qd3 g6 26.Rad1 Rad8 27.Qc3 Kxh7 28.b4 Bxb4 29.Qxb4 Nxf3
30.Rxd8 Nd2+ 31.Kg1 Qxf1+ 32.Kh2 Nf3+  0-1

[Event "Steinhart Mem"]
[Site "Herzeliya ISR"]
[Date "2006.12.30"]
[Round "9"]
[White "Shutzman,J"]
[Black "Bykhovsky,Av"]
[Result "0-1"]
[WhiteElo "2255"]
[BlackElo "2458"]

1.Nf3 d5 2.c4 d4 3.d3 c5 4.g3 Nc6 5.Bg2 e5 6.O-O Nge7 7.e3 Ng6 8.exd4 cxd4
9.a3 a5 10.Re1 Be7 11.h4 f6 12.Nbd2 O-O 13.Qc2 Re8 14.b3 Be6 15.h5 Nf8 16.Nh2 Qd7
17.Rb1 Rac8 18.c5 b5 19.b4 axb4 20.axb4 Bd5 21.Ne4 Bf7 22.Qd1 f5 23.Ng5 Bd5
24.Bh3 Ra8 25.f4 Bxg5 26.fxg5 g6 27.Bd2 Ra2 28.Ra1 Rea8 29.Rxa2 Rxa2 30.hxg6 hxg6
31.Rf1 Qa7 32.Qe1 Qa3 33.Qe2 Qb2 34.Rd1 Bb3  0-1

[Event "15th Donau Open"]
[Site "Aschach an der Donau AUT"]
[Date "2006.12.31"]
[Round "7"]
[White "Pakleza,Z"]
[Black "Szuhanek,R"]
[Result "1/2-1/2"]
[WhiteElo "2414"]
[BlackElo "2441"]

1.Nf3 d5 2.c4 c6 3.e3 Nf6 4.Nc3 e6 5.Qc2 Nbd7 6.b3 Bd6 7.Bb2 O-O 8.Rg1 Ne5
9.Nxe5 Bxe5 10.f4 Bc7 11.g4 d4 12.Na4 b5 13.g5 bxa4 14.gxf6 Qxf6 15.O-O-O axb3
16.axb3 e5 17.Bd3 exf4 18.Rdf1 c5 19.exd4 cxd4 20.Bxh7+ Kh8 21.Qe4 Rd8 22.Qxa8 Kxh7
23.Qxa7 Be5 24.Qa5 Re8 25.Qd5 Be6 26.Qf3 g6 27.Re1 Bd7 28.h4 Bc6 29.Qf2 Qe7
30.Rxe5 Qxe5 31.Qxd4 Qxd4 32.Bxd4 Re4 33.Bb6 f3 34.Bf2 Re2 35.Be3 f5 36.Kc2 f4
37.Bc5 Re5 38.b4 Kh6 39.Bd6 Re4 40.Kd3 Kh5 41.b5 Bb7 42.c5 Bd5 43.Rg5+ Kxh4
44.Rxd5 f2 45.Kxe4 f1=Q 46.Bxf4 Qb1+ 47.d3 Qxb5 48.Be3 Qe8+ 49.Re5  1/2-1/2

[Event "15th Donau Open"]
[Site "Aschach an der Donau AUT"]
[Date "2006.12.31"]
[Round "7"]
[White "Jurek,J"]
[Black "Lautner,J"]
[Result "1-0"]
[WhiteElo "2384"]
[BlackElo "2245"]

1.Nf3 d5 2.c4 e6 3.g3 Nf6 4.Bg2 c6 5.O-O b5 6.b3 Ba6 7.d3 Nbd7 8.Nbd2 Be7
9.Bb2 O-O 10.Rc1 Qb6 11.Rc2 bxc4 12.bxc4 Rab8 13.Ne5 Bb7 14.Qa1 Rfd8 15.Rb1 Qa6
16.Ndf3 c5 17.Nxd7 Rxd7 18.Be5 Rc8 19.cxd5 exd5 20.Bh3 Rdd8 21.Bxc8 Bxc8
22.Qb2 Ng4 23.Bc7 Rf8 24.h3 Nf6 25.Qe5 Qa4 26.Rcb2 Qd7 27.Rb8 Re8 28.Ra8 Bd8
29.Bxd8 Rxe5 30.Nxe5 Qe6 31.Rbb8 Qxe5 32.Rxc8  1-0

[Event "Czech Christmas"]
[Site "Litomysl CZE"]
[Date "2006.12.31"]
[Round "8"]
[White "Valenta,V jr"]
[Black "Ganaus,H"]
[Result "1/2-1/2"]
[WhiteElo "2238"]
[BlackElo "2326"]

1.Nf3 d5 2.c4 d4 3.e3 Nc6 4.d3 g6 5.e4 e5 6.g3 h5 7.Bg2 f6 8.O-O Bg4 9.h3 Be6
10.Nh4 Nge7 11.f4 Bg7 12.f5 gxf5 13.exf5 Bf7 14.Nd2 Qd7 15.Ne4 b6 16.Ng6 Bxg6
17.fxg6 Qe6 18.b4 Rd8 19.b5 Nb8 20.Ba3 f5 21.Ng5 Qxg6 22.h4 Nd7 23.Bxe7 Kxe7
24.Qf3 Bh6 25.Qxf5 Qxf5 26.Rxf5 Rdf8 27.Raf1 Rxf5 28.Rxf5 Rf8 29.Rxf8 Nxf8
30.Ne4 Kf7 31.Bf3 Kg6 32.c5 Ne6 33.c6 Bf8 34.Kf2 Bb4 35.Bd1 Nc5 36.Nxc5 Bxc5
37.Kf3 Bb4 38.g4 hxg4+ 39.Kxg4 Bd2 40.Bf3 Be3 41.Bd5 Bd2 42.Be6 Be3 43.Bd7 Bd2
44.Kf3 Kf6 45.Ke4 Be1 46.h5 Bd2  1/2-1/2

[Event "Hilton Open"]
[Site "Basel SUI"]
[Date "2007.01.04"]
[Round "4"]
[White "Rukavina,J"]
[Black "Bhend,E"]
[Result "1/2-1/2"]
[WhiteElo "2377"]
[BlackElo "2268"]

1.Nf3 d5 2.c4 e6 3.d4 Nf6 4.Nc3 Be7 5.Bg5 h6 6.Bh4 O-O 7.e3 b6 8.Rc1 Bb7
9.Bxf6 Bxf6 10.cxd5 exd5 11.b4 a6 12.Qb3 Qd6 13.Be2 Nd7 14.O-O Be7 15.b5 c6
16.bxc6 Bxc6 17.Ne5 Nxe5 18.dxe5 Qxe5 19.Qxb6 Ba3 20.Rc2 Bd7 21.Bd3 Rfc8
22.Qd4 Qxd4 23.exd4 Bb5 24.Nxb5 Rxc2 25.Bxc2 axb5 26.Bb3 Rd8 27.Rb1 Kf8 28.Kf1 Ke7
29.Re1+ Kd6 30.Re5 Kc6 31.Ke2 f6 32.Re3 Bb4 33.Re6+ Bd6 34.Kd3 Ra8 35.h4 Rb8
36.h5 Rb7 37.Re2 Bb4 38.Re8 Rc7 39.Rd8 Bd6 40.Ra8 Bb4 41.Ra6+ Kb7 42.Re6 Rd7
43.Re2 Kc6 44.Rc2+ Kd6 45.Rc8 Ba3 46.Ra8 Bb4 47.Rb8 Kc6 48.a4 Ba5 49.Rxb5 Bb6
50.Kc3 Rd8 51.Bd1 Ra8 52.Kd3 Ra7 53.Bf3 Rxa4 54.Rxd5 Ra3+ 55.Ke4 Ra2 56.Kf5 Rxf2
57.Rc5+ Kd7 58.Rc4 Rd2 59.d5 Be3 60.Kg6 Bg5 61.Rc6 Rd4 62.Kxg7 Rf4 63.Ra6 Rd4
64.Kf7 Bh4 65.Ra7+ Kd6 66.Ke8 Rd3 67.Ra6+ Kc7 68.Rc6+ Kb7 69.Kf7 Bg5 70.Rxf6 Bxf6
71.Kxf6 Ra3 72.d6+ Kc8 73.Kg7 Kd7 74.Kxh6 Kxd6 75.Kg7 Ra7+ 76.Kg8 Ke7 77.h6 Kf6
78.Be4 Rc7 79.Kh8  1/2-1/2

[Event "Hilton Open"]
[Site "Basel SUI"]
[Date "2007.01.04"]
[Round "4"]
[White "Sulava,N"]
[Black "Drabke,L"]
[Result "1-0"]
[WhiteElo "2537"]
[BlackElo "2408"]

1.Nf3 d5 2.c4 c6 3.e3 Nf6 4.Nc3 Bg4 5.Qb3 Qb6 6.Ne5 Be6 7.d4 Nbd7 8.Nxd7 Bxd7
9.Na4 Qc7 10.Nc5 Bc8 11.cxd5 Nxd5 12.e4 Nf6 13.e5 Nd5 14.Bc4 e6 15.Qg3 Nb4
16.O-O Nc2 17.Ne4 Nxa1 18.Nd6+ Bxd6 19.exd6 Qd8 20.Qxg7 Rf8 21.Bh6 Qxd6 22.Rxa1 Bd7
23.Qxh7 Qxd4 24.Bxf8 Kxf8 25.Qc2 Be8 26.Rd1 Qe5 27.Be2 c5 28.Bf3 Rc8 29.h4 b5
30.Qd2 b4 31.h5 a5 32.Re1 Qd4 33.Qh6+ Ke7 34.b3 a4 35.Rd1 Qe5 36.Qd2 Bb5
37.h6 Kf6 38.Re1 Qd4 39.Qc1 axb3 40.axb3 c4 41.Re4 Qd6 42.h7  1-0

[Event "Hilton Open"]
[Site "Basel SUI"]
[Date "2007.01.06"]
[Round "6"]
[White "Ivkov,B"]
[Black "Peredy,F"]
[Result "1/2-1/2"]
[WhiteElo "2430"]
[BlackElo "2311"]

1.Nf3 d5 2.c4 e6 3.g3 Nf6 4.Bg2 Be7 5.O-O O-O 6.d4 dxc4 7.Ne5 c5 8.dxc5 Bxc5
9.Nc3 a6 10.Qxd8 Rxd8 11.Nxc4 Nbd7 12.Rd1 Re8 13.Nd6 Bxd6 14.Rxd6 Rb8 15.Be3 Ng4
16.Ba7 Ra8 17.Bb6 Nxb6 18.Rxb6 Nf6 19.Rc1 Re7 20.Na4 Kf8 21.Rb3 Rb8 22.Nb6 Bd7
23.a4 e5 24.Rb4 Be6 25.a5 Rd8 26.Na4 Nd5 27.Bxd5 Bxd5 28.Rd1 Ke8  1/2-1/2

[Event "Hilton Open"]
[Site "Basel SUI"]
[Date "2007.01.07"]
[Round "7"]
[White "Wirthensohn,H"]
[Black "Leburgue,S"]
[Result "1-0"]
[WhiteElo "2414"]
[BlackElo "2188"]

1.Nf3 d5 2.c4 c6 3.d4 Nf6 4.Nc3 e6 5.Bg5 Nbd7 6.e3 Qa5 7.Nd2 Bb4 8.Qc2 O-O
9.Nb3 Qc7 10.cxd5 exd5 11.Bd3 Re8 12.O-O Bd6 13.h3 h6 14.Bxf6 Nxf6 15.Nd2 Qe7
16.a3 Nh5 17.Bh7+ Kh8 18.Bf5 Bxf5 19.Qxf5 Nf6 20.Rfc1 Kg8 21.Qc2 Rac8 22.b4 a6
23.Na4 Bb8 24.Nc5 Qc7 25.Nf1 Ne4 26.Nxe4 Rxe4 27.a4 Re6 28.Qd3 Qe7 29.b5 c5
30.dxc5 Rxc5 31.Rxc5 Qxc5 32.Rd1 Rd6 33.bxa6 bxa6 34.Ng3 Rd8 35.Nf5 Be5 36.Qxa6 Qc2
37.Qd3 Qxa4 38.Ne7+ Kf8 39.Nxd5 Qc6 40.f4 Bc7 41.Kh1 Qc5 42.Qd2 Qc4 43.Qd4 Qxd4
44.Rxd4 Ba5 45.g4 Rd6 46.Kg2 Bb6 47.Rd1 Ba5 48.Kf3 Rc6 49.Ra1 Bd8 50.Ra2 Ke8
51.h4 Rc4 52.h5 Kd7 53.e4 Rc1 54.e5 Rd1 55.Ne3 Rd4 56.Nf5  1-0

[Event "Open"]
[Site "Verona ITA"]
[Date "2007.01.07"]
[Round "7"]
[White "Mola,P"]
[Black "Rombaldoni,Ax"]
[Result "0-1"]
[WhiteElo "2274"]
[BlackElo "2218"]

1.Nf3 d5 2.c4 c6 3.g3 Nf6 4.Bg2 Bg4 5.Ne5 Bf5 6.cxd5 cxd5 7.Nc3 Nbd7 8.Qa4 e6
9.g4 Bg6 10.h4 Bd6 11.d4 Rc8 12.h5 Bxe5 13.dxe5 Be4 14.f3 Rc4 15.Qb5 a6 16.Qb3 Nxe5
17.fxe4 d4 18.Bf4 Nfxg4 19.Na4 d3 20.Rc1 Rd4 21.Kd2 dxe2+ 22.Kxe2 Nd3 23.Be3 Nxc1+
24.Bxc1 Qc7 25.Bd2 O-O 26.Qh3 Qc2 27.Qc3 Rxe4+ 28.Kf3 Ne5+ 29.Kg3 Rg4+ 30.Kh3 Qf5  0-1

[Event "XXXII Open"]
[Site "Seville ESP"]
[Date "2007.01.08"]
[Round "2"]
[White "Fernandez Ruiz,M"]
[Black "Komljenovic,D"]
[Result "0-1"]
[WhiteElo "2058"]
[BlackElo "2481"]

1.Nf3 d5 2.c4 d4 3.g3 c5 4.d3 Nc6 5.Bg2 e5 6.O-O Nf6 7.a3 a5 8.Bg5 Be7 9.Nbd2 O-O
10.b4 axb4 11.axb4 Rxa1 12.Qxa1 cxb4 13.Nb3 Qc7 14.Qa2 b6 15.Ra1 Bb7 16.Nfd2 Ra8
17.Qb2 Qb8 18.e3 dxe3 19.Bxe3 Nd7 20.d4 exd4 21.Nxd4 Nxd4 22.Bxd4 Bxg2 23.Kxg2 Bf8
24.Kg1 Rxa1+ 25.Qxa1 Nc5 26.Qb1 Ne6 27.Bb2 Qd8 28.Nf3 Qa8 29.Ne5 f6 30.Qf5 Ng5
31.Nd7 Qe4 32.Qxe4 Nxe4 33.Nxb6 Bc5 34.Nd7 Bxf2+ 35.Kf1 Ba7 36.Ke2 Kf7  0-1

[Event "Keres Mem A"]
[Site "Tallinn EST"]
[Date "2007.01.08"]
[Round "4"]
[White "Sulashvili,M"]
[Black "Klovans,J"]
[Result "1-0"]
[WhiteElo "2455"]
[BlackElo "2448"]

1.Nf3 d5 2.c4 e6 3.d4 Nf6 4.e3 a6 5.a3 dxc4 6.Bxc4 c5 7.O-O Nbd7 8.Qe2 b5
9.Bd3 Bb7 10.Nc3 Bd6 11.Bc2 cxd4 12.exd4 Qb8 13.Bg5 O-O 14.Ne4 Nxe4 15.Bxe4 Bxe4
16.Qxe4 h6 17.Bh4 Rc8 18.Rac1 Nb6 19.Rc6 Qb7 20.Rxc8+ Qxc8 21.Bg3 Bxg3 22.hxg3 Nd5
23.Ne5 Qc7 24.Nd3 Rc8 25.Rc1 Qd8 26.Rxc8 Qxc8 27.Nc5 a5 28.Kf1 b4 29.a4 Qd8
30.f4 Nf6 31.Qe5 Ng4 32.Nxe6 Nxe5 33.Nxd8 Nc4 34.b3 Nd2+ 35.Ke2 Nxb3 36.Nc6 Nc1+
37.Kd2 Na2 38.Kc2 Nc3 39.Kb3 Ne2 40.d5 Kf8 41.Nxa5 Ke7 42.Nc4 Nxg3 43.Kxb4 Ne4
44.a5 Kd8 45.Kb5  1-0

[Event "Australian Open"]
[Site "Tuggeranong AUS"]
[Date "2007.01.09"]
[Round "11"]
[White "Dickson,I"]
[Black "Brockman,R"]
[Result "0-1"]
[WhiteElo "1910"]
[BlackElo "1787"]

1.Nf3 d5 2.c4 e6 3.g3 Nf6 4.Bg2 Be7 5.O-O O-O 6.cxd5 exd5 7.d4 c6 8.Nc3 Nbd7
9.Qd3 Re8 10.Re1 Qb6 11.a3 a5 12.Na4 Qc7 13.Bf4 Bd6 14.Bxd6 Qxd6 15.Rac1 Ne4
16.Nd2 Nxd2 17.Qxd2 b5 18.Nc5 Nf6 19.Qc2 Nd7 20.e4 Qg6 21.Nxd7 Bxd7 22.e5 Qxc2
23.Rxc2 f6 24.f4 fxe5 25.fxe5 Rac8 26.Rf1 Rf8 27.Rcf2 Rxf2 28.Rxf2 Rb8 29.b3 b4
30.a4 Rf8 31.Rc2 Kf7 32.Rc5 Ra8 33.Kf2 Ke7 34.h4 Be8 35.Ke3 Kd7 36.Bh3+ Kc7
37.Be6 Kb6 38.g4 Ra7 39.g5 Re7 40.Bg4 Rxe5+  0-1

[Event "zt 3.3"]
[Site "Phu Quoc VIE"]
[Date "2007.01.11"]
[Round "1"]
[White "Dableo,R"]
[Black "Shanmugam,R"]
[Result "1/2-1/2"]
[WhiteElo "2453"]
[BlackElo "2151"]

1.Nf3 d5 2.c4 c6 3.e3 e6 4.b3 Nd7 5.Bb2 f5 6.Be2 Ndf6 7.O-O Bd6 8.Ne5 Nh6
9.f4 O-O 10.d3 Nf7 11.Nd2 Nd7 12.Nxf7 Rxf7 13.Nf3 Qe7 14.d4 Nf6 15.Bd3 Ne4
16.Ne5 Bxe5 17.fxe5 Qg5 18.Qe2 Bd7 19.Rf3 Qh5 20.Rh3 Qxe2 21.Bxe2 g5 22.Rf3 a5
23.Rc1 a4 24.Rc2 axb3 25.axb3 g4 26.Rf1 Rff8 27.Bd3 Ra2 28.Bxe4 fxe4 29.Rxf8+ Kxf8
30.Kf2 Kg7 31.Kg3 h5 32.Kh4 Kg6 33.h3 gxh3 34.gxh3 Be8 35.Rg2+ Kh6 36.Rf2 Bg6
37.Rg2 Be8 38.Rf2 Bg6 39.Rg2  1/2-1/2